Διοίκηση και οργάνωση ναυτιλιακών επιχειρήσεων
Saved in:
| Main Author: | |
|---|---|
| Format: | Book |
| Language: | Greek |
| Published: |
Αθήνα : Πειραιάς :
Εκδόσεις Α. Σταμούλη,
c1994
|
| Subjects: | |
| Tags: |
Add Tag
No Tags, Be the first to tag this record!
|
MARC
| LEADER | 00000nam a2200000 i 4500 | ||
|---|---|---|---|
| 001 | 1/4200 | ||
| 008 | 000524s1994 gre d | ||
| 020 | |a 960-7306-77-5 | ||
| 035 | |l 10061070 | ||
| 040 | |a GR-MY-UA |b gre |e aacr | ||
| 041 | 0 | |a gre | |
| 082 | 0 | |a 387.0068 | |
| 100 | 1 | |a Γουλιέλμος, Αλέξανδρος Μ., |d 1941- | |
| 245 | 1 | 0 | |a Διοίκηση και οργάνωση ναυτιλιακών επιχειρήσεων / |c Α.Μ.Γουλιέλμος |
| 260 | |a Αθήνα : |a Πειραιάς : |b Εκδόσεις Α. Σταμούλη, |c c1994 | ||
| 300 | |a 124 σ. | ||
| 500 | |a Το αντίτυπο με αριθμό εισαγωγής 077997 είναι λίγο κατεστραμμένο | ||
| 650 | 0 | 0 | |a Shipping |x Management. |
| 852 | |a INST |b CHIOS |e 20000524 |h 387.0068 ΓΟΥ |p 005200017721 |q 005200017721 |t BK |y 0 | ||
| 901 | |a BIBL2-2000-2 | ||
| 909 | |a Χ |b 077997 | ||
| 922 | |a 2ΕΛΗ |b 200005 |c ΤΔΕ |d ΠΑΠΑΣΩΤΗΡΙΟΥ | ||
| 950 | |a 112-1999-11-19 | ||
| 970 | |a ΣΑΛΑΜΟΥΡΑ |b ΜΑΡΙΑ |z 2000/05/25 | ||